Catálogo
 En Linea

Urbe : (Registro nro. 36808)

Detalles MARC
000 -CABECERA
campo de control de longitud fija 00707nas a2200217 a 4500
001 - NÚMERO DE CONTROL
campo de control 000037318
003 - IDENTIFICADOR DEL NÚMERO DE CONTROL
campo de control DO-SdBNP
005 - FECHA Y HORA DE LA ÚLTIMA TRANSACCIÓN
campo de control 20240902095158.0
008 - DATOS DE LONGITUD FIJA--INFORMACIÓN GENERAL
campo de control de longitud fija 120327c20119999dr ur1p dd 0 0spa d
040 ## - FUENTE DE LA CATALOGACIÓN
Centro catalogador/agencia de origen DO-SdBNP
Lengua de catalogación spa
Centro/agencia transcriptor BNPHU
043 ## - CÓDIGO DE ÁREA GEOGRÁFICA
Código de área geográfica nwdr
222 #2 - TÍTULO CLAVE
Título clave Revista Inmobiliaria
245 00 - MENCIÓN DE TÍTULO
Título Urbe :
Resto del título guía inmobiliaria.
260 ## - PUBLICACIÓN, DISTRIBUCIÓN, ETC.
Lugar de publicación, distribución, etc. Santo Domingo :,
Fecha de publicación, distribución, etc. 2011
Nombre del editor, distribuidor, etc. Caribe Servicios de Información Dominicana.
300 ## - DESCRIPCIÓN FÍSICA
Extensión v.- :
Otras características físicas il., retrs. ;
Dimensiones 29 cm.
310 ## - PERIODICIDAD ACTUAL
Periodicidad actual Desconocida
362 1# - FECHAS DE PUBLICACIÓN Y/O DESIGNACIÓN SECUENCIAL
Fecha de publicación y/o designación secuencial Año 5. edición 15 2011
500 ## - NOTA GENERAL
Nota general Catalogación basada en : Año 5. edición 15 2011
651 #0 - PUNTO DE ACCESO ADICIONAL DE MATERIA--NOMBRE GEOGRÁFICO
Nombre geográfico Bienes Raices
Subdivisión general Guías
Subdivisión de forma PUBLICACIONES PERÍODICAS
Subdivisión geográfica República Dominicana
9 (RLIN) 63776
942 ## - ELEMENTOS DE PUNTO DE ACCESO ADICIONAL (KOHA)
Fuente del sistema de clasificación o colocación Dewey Decimal Classification
Tipo de ítem Koha Publicación periódica

No hay ítems disponibles.

Con tecnología Koha